00645pam a2200193 i 4500008004100000020002200041100002300063245006200086250002000148260005000168300002500218500002000243650005500263700003800318710006800356003000100424005001700425040000900442  a0030187966 (hbk.)1 aChiappa, Joseph A.14aThe VD book /cby Joseph A. Chiappa and Joseph J. Forish. aEducational ed. aNew York :bHolt, Rinehart & Winston,cc1977. axi, 148 p. ;c22 cm. aIncludes index. 0aSexually transmitted diseasesxStudy and teaching.1 aForish, Joseph J.,ejoint author.2 aUnited States Alliance for the Eradication of Venereal Disease.20230120203933.0 cNUST